[Event "Junior Online 4NCL Division 4"]
[Site "online"]
[Date "2020.09.17"]
[Round "3.151"]
[White "Murphy, Sam"]
[Black "Sohi, Aarav"]
[Result "0-1"]
[WhiteElo "857"]
[BlackElo "1150"]
[PlyCount "60"]
[EventDate "2020.09.17"]
[WhiteTeam "Tetherdown Knights"]
[BlackTeam "Rovers Athletic"]

1. d4 c6 2. c4 d5 3. cxd5 cxd5 4. Nf3 Bf5 5. Nc3 e6 6. Qa4+ Nc6 7. Ne5 Rc8 8.
e3 a6 9. Nxc6 Rxc6 10. Ne2 Bd6 11. Bd2 Nf6 12. Rc1 b5 13. Qd1 Rxc1 14. Qxc1 O-O
15. Ng3 Bxg3 16. hxg3 h6 17. Bb4 Re8 18. Be2 a5 19. Bc5 a4 20. Bxb5 Qa5+ 21. b4
Qxb5 22. f3 Rc8 23. Qb2 Nd7 24. Rh4 e5 25. Qc3 Nxc5 26. dxc5 d4 27. exd4 exd4
28. Qd2 Re8+ 29. Kd1 Qf1+ 30. Qe1 Qxe1# 0-1

[Event "Junior Online 4NCL Division 4"]
[Site "online"]
[Date "2020.09.17"]
[Round "3.152"]
[White "Stanley, Isaac"]
[Black "Cartwright, Ethan"]
[Result "1-0"]
[WhiteElo "1210"]
[BlackElo "800"]
[PlyCount "74"]
[EventDate "2020.09.17"]
[WhiteTeam "Rovers Athletic"]
[BlackTeam "Tetherdown Knights"]

1. d4 d5 2. c4 e6 3. e3 Bb4+ 4. Bd2 Bxd2+ 5. Nxd2 Nf6 6. Nb3 dxc4 7. Bxc4 Ne4
8. Nf3 O-O 9. O-O Nc6 10. d5 exd5 11. Bxd5 Nb4 12. Bxe4 Qxd1 13. Raxd1 c6 14.
a3 Na2 15. Bb1 Nc3 16. bxc3 Bg4 17. h3 Bxf3 18. gxf3 Rad8 19. Rxd8 Rxd8 20. Nc5
b6 21. Nb7 Rb8 22. Nd6 Rd8 23. Ne4 f5 24. Ng5 h6 25. Ne6 Re8 26. Bxf5 c5 27.
Rd1 Kf7 28. Nd8+ Kf6 29. e4 Ke5 30. Bg6 Re7 31. Nc6+ Ke6 32. Nxe7 Kxe7 33. Bf5
Kf6 34. Rd6+ Ke5 35. Re6+ Kf4 36. Re7 Kxf3 37. Bg4+ Kf4 1-0

[Event "Junior Online 4NCL Division 4"]
[Site "online"]
[Date "2020.09.17"]
[Round "3.153"]
[White "Glynne, Jacob"]
[Black "Evans, Dylan"]
[Result "1-0"]
[WhiteElo "800"]
[BlackElo "1090"]
[PlyCount "69"]
[EventDate "2020.09.17"]
[WhiteTeam "Tetherdown Knights"]
[BlackTeam "Rovers Athletic"]

1. e4 c6 2. Bc4 d5 3. exd5 cxd5 4. Bb3 Nc6 5. c4 Nf6 6. cxd5 Nxd5 7. Bxd5 Qxd5
8. Nf3 Bf5 9. O-O Bg4 10. Nc3 Qd3 11. b3 Bxf3 12. gxf3 O-O-O 13. Re1 Nd4 14.
Re3 Qf5 15. Ne2 Nxf3+ 16. Rxf3 Qxf3 17. Qf1 Qf6 18. d4 e5 19. Bb2 exd4 20. Rd1
d3 21. Ng3 d2 22. Bxf6 gxf6 23. Rb1 Bb4 24. Ne4 Rd6 25. Nxd6+ Bxd6 26. Qh3+ Kd8
27. Qd3 Kd7 28. Qxd2 Rg8+ 29. Kf1 Kc6 30. Rd1 Rd8 31. Rc1+ Kb6 32. Qe3+ Ka5 33.
Rc4 Bxh2 34. Qc5+ Ka6 35. Ra4# 1-0

[Event "Junior Online 4NCL Division 4"]
[Site "online"]
[Date "2020.09.17"]
[Round "3.154"]
[White "Sohi, Sehej"]
[Black "Newsom, Thomas"]
[Result "0-1"]
[WhiteElo "1000"]
[BlackElo "800"]
[PlyCount "46"]
[EventDate "2020.09.17"]
[WhiteTeam "Rovers Athletic"]
[BlackTeam "Tetherdown Knights"]

1. e4 e5 2. Bc4 Nf6 3. Nc3 Nc6 4. Nf3 Bc5 5. O-O O-O 6. d3 d6 7. Nh4 Be6 8.
Bxe6 fxe6 9. Qf3 d5 10. Qg3 dxe4 11. Bh6 Rf7 12. dxe4 Nh5 13. Qg4 Nf6 14. Qg5
Qf8 15. Nb5 Rd8 16. Nxc7 Rxc7 17. Rad1 Rxd1 18. Rxd1 Nxe4 19. Qg4 Qxf2+ 20. Kh1
Qxc2 21. Re1 Nf2+ 22. Kg1 Nxg4+ 23. Kf1 Qf2# 0-1

[Event "Junior Online 4NCL Division 4"]
[Site "online"]
[Date "2020.09.17"]
[Round "3.155"]
[White "Sohi, Aarav"]
[Black "Murphy, Sam"]
[Result "1-0"]
[WhiteElo "1150"]
[BlackElo "857"]
[PlyCount "47"]
[EventDate "2020.09.17"]
[WhiteTeam "Rovers Athletic"]
[BlackTeam "Tetherdown Knights"]

1. d4 d5 2. c4 e6 3. Nc3 Nf6 4. Bg5 Nbd7 5. e4 dxc4 6. e5 Be7 7. exf6 Bxf6 8.
Bxf6 Qxf6 9. Bxc4 Nb6 10. Bd3 O-O 11. Bc2 e5 12. d5 Rd8 13. Nf3 Nxd5 14. Nxd5
Qe6 15. Bb3 Kh8 16. O-O c6 17. Ng5 Qg6 18. Ne7 Rxd1 19. Nxg6+ hxg6 20. Nxf7+
Kg8 21. Nxe5+ Kh7 22. Rfxd1 Bf5 23. g4 Bd7 24. Rxd7 1-0

[Event "Junior Online 4NCL Division 4"]
[Site "online"]
[Date "2020.09.17"]
[Round "3.156"]
[White "Cartwright, Ethan"]
[Black "Stanley, Isaac"]
[Result "0-1"]
[WhiteElo "800"]
[BlackElo "1210"]
[PlyCount "24"]
[EventDate "2020.09.17"]
[WhiteTeam "Tetherdown Knights"]
[BlackTeam "Rovers Athletic"]

1. e4 f6 2. Nf3 Kf7 3. Bc4+ e6 4. Nd4 c5 5. Qh5+ g6 6. Bxe6+ dxe6 7. Qd1 Qxd4
8. c3 Qxe4+ 9. Kf1 Qc4+ 10. d3 Qa6 11. c4 Bd6 12. Nc3 Ne7 0-1

[Event "Junior Online 4NCL Division 4"]
[Site "online"]
[Date "2020.09.17"]
[Round "3.157"]
[White "Evans, Dylan"]
[Black "Glynne, Jacob"]
[Result "0-1"]
[WhiteElo "1090"]
[BlackElo "800"]
[PlyCount "44"]
[EventDate "2020.09.17"]
[WhiteTeam "Rovers Athletic"]
[BlackTeam "Tetherdown Knights"]

1. d4 e6 2. c4 d5 3. Nc3 dxc4 4. Bf4 Bd7 5. e3 Nc6 6. Bxc4 Qe7 7. a3 O-O-O 8.
Nf3 Na5 9. Qd2 Nxc4 10. Qc2 Qe8 11. Qb3 b5 12. Nd2 Nxd2 13. Kxd2 a5 14. a4 b4
15. Be5 bxc3+ 16. Qxc3 Bb4 17. Qxb4 axb4 18. Rac1 Kb7 19. Rxc7+ Kb6 20. b3 f6
21. Bg3 e5 22. dxe5 Kxc7 0-1

[Event "Junior Online 4NCL Division 4"]
[Site "online"]
[Date "2020.09.17"]
[Round "3.158"]
[White "Newsom, Thomas"]
[Black "Sohi, Sehej"]
[Result "1-0"]
[WhiteElo "800"]
[BlackElo "1000"]
[PlyCount "169"]
[EventDate "2020.09.17"]
[WhiteTeam "Tetherdown Knights"]
[BlackTeam "Rovers Athletic"]

1. e4 e5 2. Bc4 Nf6 3. Nc3 Bc5 4. Nf3 Nc6 5. O-O O-O 6. d3 Ng4 7. Be3 Bxe3 8.
fxe3 Nxe3 9. Bb3 Nxd1 10. Raxd1 Nd4 11. Bd5 Nxf3+ 12. gxf3 d6 13. Kf2 Bh3 14.
Rg1 Qh4+ 15. Ke2 c6 16. Bc4 d5 17. exd5 cxd5 18. Bxd5 Rfd8 19. Bc4 Rd4 20. Kd2
Qf4+ 21. Ke2 Qxh2+ 22. Ke3 Qf4+ 23. Ke2 Qh2+ 24. Ke3 Qxc2 25. Rd2 Qxc3 26. bxc3
Rd7 27. Rg3 Bf5 28. Rg5 Bh3 29. Rh2 Bf1 30. Rxe5 Kf8 31. Kf2 Bxd3 32. Bxd3 Rxd3
33. Re3 Rd2+ 34. Ke1 Rxh2 35. Kf1 Rh1+ 36. Kg2 Ra1 37. Re2 Rc8 38. Kg3 Rxc3 39.
Kf4 Rc4+ 40. Ke3 Rc3+ 41. Ke4 Rcc1 42. f4 Re1 43. Rxe1 Rxe1+ 44. Kf3 h5 45. Kg3
Rg1+ 46. Kh4 Rh1+ 47. Kg5 h4 48. Kg4 h3 49. Kg3 h2 50. Kg2 Ke7 51. Kxh1 Kf6 52.
Kxh2 Kf5 53. Kg3 g6 54. Kf3 Kf6 55. Kg4 Ke6 56. Kg5 Kd5 57. Kf6 g5 58. fxg5 Kd6
59. Kxf7 Ke5 60. g6 Kf5 61. g7 b5 62. g8=Q b4 63. Qg6+ Ke5 64. Qf6+ Kd5 65.
Qe6+ Kc5 66. Qb3 Kb5 67. Ke6 Kc5 68. Ke5 a5 69. Ke4 Kb5 70. Kd3 a4 71. Qc2 Ka5
72. Kc4 a3 73. Qb3 Kb6 74. Qxb4+ Kc6 75. Qxa3 Kb6 76. Qc5+ Kb7 77. a3 Ka6 78.
a4 Kb7 79. a5 Kb8 80. a6 Ka8 81. Qc6+ Kb8 82. Kb5 Ka7 83. Qh6 Kb8 84. Kb6 Ka8
85. Qh8# 1-0

[Event "Junior Online 4NCL Division 4"]
[Site "online"]
[Date "2020.09.17"]
[Round "3.161"]
[White "Xu, Tianyou"]
[Black "Saunders, Oliver"]
[Result "1-0"]
[WhiteElo "1390"]
[BlackElo "1052"]
[PlyCount "57"]
[EventDate "2020.09.17"]
[WhiteTeam "JHJ 4"]
[BlackTeam "Barnet Knights F"]

1. e4 e5 2. Nf3 Nc6 3. Bc4 Bc5 4. d3 Nf6 5. Nc3 d6 6. Bg5 h6 7. Be3 Bb4 8. O-O
Bg4 9. Nd5 Nxd5 10. Bxd5 Qd7 11. c3 Bc5 12. b4 Bxe3 13. fxe3 Bxf3 14. Qxf3
O-O-O 15. a4 a6 16. Bxc6 bxc6 17. d4 exd4 18. exd4 f6 19. Qe2 Kb7 20. Rab1 d5
21. exd5 Qxd5 22. b5 axb5 23. axb5 cxb5 24. Rxb5+ Kc8 25. Rxd5 Rxd5 26. Qe6+
Rd7 27. Ra1 Rhd8 28. Ra8+ Kb7 29. Qa6# 1-0

[Event "Junior Online 4NCL Division 4"]
[Site "online"]
[Date "2020.09.17"]
[Round "3.162"]
[White "Rupani, Adam"]
[Black "Stehlin, Nathan"]
[Result "0-1"]
[WhiteElo "1045"]
[BlackElo "1360"]
[PlyCount "88"]
[EventDate "2020.09.17"]
[WhiteTeam "Barnet Knights F"]
[BlackTeam "JHJ 4"]

1. e3 c5 2. Bc4 e6 3. Qe2 d5 4. Bb3 Nf6 5. Ba4+ Nc6 6. Bb3 Be7 7. Nf3 O-O 8.
O-O Qc7 9. d4 a6 10. dxc5 Bxc5 11. Rd1 Bd7 12. Ba4 b5 13. Bb3 Bc8 14. c3 Bb7
15. Nbd2 Rad8 16. Nh4 Ba7 17. Kf1 Qxh2 18. Nhf3 Qc7 19. Ng1 Bb8 20. Ndf3 h6 21.
a3 Rfe8 22. a4 bxa4 23. Bxa4 a5 24. Ra3 Ba7 25. Bb5 Bc5 26. Qc2 Bxa3 27. bxa3
Ra8 28. Qa4 Rec8 29. Nd4 Nxd4 30. exd4 Qxc3 31. Ne2 Qc2 32. g3 Qxa4 33. Bxa4
Ba6 34. Bc6 Bxe2+ 35. Kxe2 Rxc6 36. Bb2 Rc2+ 37. Ke1 Rxb2 38. a4 Rc8 39. f4 g5
40. fxg5 hxg5 41. Kf1 Ne4 42. Re1 Nxg3+ 43. Kg1 Rcc2 44. Rd1 Rg2# 0-1

[Event "Junior Online 4NCL Division 4"]
[Site "online"]
[Date "2020.09.17"]
[Round "3.163"]
[White "Sisupalan, Beni"]
[Black "O'Donnell, Arthur"]
[Result "1-0"]
[WhiteElo "1345"]
[BlackElo "1030"]
[PlyCount "21"]
[EventDate "2020.09.17"]
[WhiteTeam "JHJ 4"]
[BlackTeam "Barnet Knights F"]

1. e4 c5 2. Nf3 d6 3. Bc4 e6 4. Nc3 Nf6 5. d4 cxd4 6. Nxd4 Nc6 7. Be3 Bd7 8.
O-O Ng4 9. Qxg4 e5 10. Qf3 exd4 11. Qxf7# 1-0

[Event "Junior Online 4NCL Division 4"]
[Site "online"]
[Date "2020.09.17"]
[Round "3.165"]
[White "Saunders, Oliver"]
[Black "Xu, Tianyou"]
[Result "0-1"]
[WhiteElo "1052"]
[BlackElo "1390"]
[PlyCount "92"]
[EventDate "2020.09.17"]
[WhiteTeam "Barnet Knights F"]
[BlackTeam "JHJ 4"]

1. e4 e5 2. Nf3 Nc6 3. Bc4 Bc5 4. c3 Nf6 5. d4 exd4 6. cxd4 Bb4+ 7. Nc3 Nxe4 8.
Qb3 Bxc3+ 9. bxc3 Nd6 10. Ne5 Nxe5 11. dxe5 Nxc4 12. Qxc4 O-O 13. Qg4 d6 14.
Qg3 dxe5 15. Bh6 Qf6 16. Bg5 Qg6 17. Be7 Qxg3 18. hxg3 Re8 19. Bg5 f6 20. Be3
Bf5 21. O-O-O Rad8 22. Rde1 a6 23. Rh5 Bg6 24. Rh4 Re6 25. Rc4 c6 26. Bb6 Rd7
27. Rd1 Rxd1+ 28. Kxd1 Rd6+ 29. Kc1 Bf7 30. Ra4 Bd5 31. f3 Bf7 32. Bc7 Rd3 33.
c4 Rc3+ 34. Kb2 Rxc4 35. Rxc4 Bxc4 36. a3 Kf7 37. Kc3 Bf1 38. Kb4 Bxg2 39. f4
exf4 40. gxf4 h5 41. Kc5 Ke7 42. Kb6 Kd7 43. Kxb7 c5+ 44. Kb6 c4 45. Bb8 c3 46.
Kxa6 c2 0-1

[Event "Junior Online 4NCL Division 4"]
[Site "online"]
[Date "2020.09.17"]
[Round "3.166"]
[White "Stehlin, Nathan"]
[Black "Rupani, Adam"]
[Result "1-0"]
[WhiteElo "1360"]
[BlackElo "1045"]
[PlyCount "59"]
[EventDate "2020.09.17"]
[WhiteTeam "JHJ 4"]
[BlackTeam "Barnet Knights F"]

1. c4 e5 2. e3 Bc5 3. d4 d5 4. dxc5 dxc4 5. Qxd8+ Kxd8 6. Bxc4 Bf5 7. Nc3 Nf6
8. Bxf7 Nc6 9. Nf3 Kc8 10. O-O Bd3 11. Rd1 Bc2 12. Rd2 Be4 13. Be6+ Kb8 14. Ng5
Re8 15. Ncxe4 h6 16. Nxf6 gxf6 17. Bd7 Rd8 18. Nf7 Rxd7 19. Rxd7 a6 20. Bd2 Ka7
21. Bc3 h5 22. h3 h4 23. Rad1 e4 24. Nd8 f5 25. Nxc6+ bxc6 26. Rxc7+ Kb8 27.
Rxc6 f4 28. Rd7 fxe3 29. fxe3 a5 30. Be5# 1-0

[Event "Junior Online 4NCL Division 4"]
[Site "online"]
[Date "2020.09.17"]
[Round "3.167"]
[White "O'Donnell, Arthur"]
[Black "Sisupalan, Beni"]
[Result "0-1"]
[WhiteElo "1030"]
[BlackElo "1345"]
[PlyCount "132"]
[EventDate "2020.09.17"]
[WhiteTeam "Barnet Knights F"]
[BlackTeam "JHJ 4"]

1. e4 e5 2. Bc4 Nf6 3. Nc3 Nxe4 4. Nxe4 d5 5. Bd3 dxe4 6. Bxe4 Nc6 7. Nf3 Bd6
8. Qe2 O-O 9. Bxc6 bxc6 10. Nxe5 Bxe5 11. Qxe5 Re8 12. Qxe8+ Qxe8+ 13. Kf1 Ba6+
14. d3 Rd8 15. Be3 Qe5 16. c3 Bxd3+ 17. Ke1 Qh5 18. f3 Re8 19. Kd2 Qe5 20. Rhe1
Qd5 21. Bd4 Rxe1 22. Rxe1 Qg5+ 23. Kxd3 h6 24. Re8+ Kh7 25. Re2 Qb5+ 26. c4 Qa5
27. a3 Qf5+ 28. Kc3 c5 29. Bf2 Qf6+ 30. Kb3 Qd6 31. Ka2 Qd3 32. Re4 f5 33. Re3
Qxc4+ 34. Kb1 Qf1+ 35. Be1 Qxg2 36. Bg3 Qg1+ 37. Re1 Qd4 38. Bxc7 Qf2 39. Rc1
Qxf3 40. Rxc5 Qd3+ 41. Ka2 Qd4 42. Rxf5 Qd7 43. Rc5 Qe7 44. Rc1 g5 45. Bg3 Qe6+
46. Ka1 h5 47. Rc7+ Kg6 48. Rxa7 h4 49. Bf2 Qe2 50. Bd4 Qd1+ 51. Ka2 Qxd4 52.
Ra6+ Kh5 53. Ra8 Qd5+ 54. b3 Qxa8 55. b4 Kg4 56. Kb3 Kh3 57. a4 Kxh2 58. b5 g4
59. Kb4 g3 60. a5 g2 61. b6 g1=Q 62. Kb5 Qb1+ 63. Kc5 Qxa5+ 64. Kc6 Qbxb6+ 65.
Kd7 Qaa7+ 66. Ke8 Qbb8# 0-1

[Event "Junior Online 4NCL Division 4"]
[Site "online"]
[Date "2020.09.17"]
[Round "3.171"]
[White "Teitelbaum, Teddy"]
[Black "Valanju, Saish"]
[Result "1-0"]
[WhiteElo "1330"]
[BlackElo "1060"]
[PlyCount "47"]
[EventDate "2020.09.17"]
[WhiteTeam "Barnet Knights C"]
[BlackTeam "May The Fork Be With You 7"]

1. f4 e6 2. Nf3 d5 3. b3 c5 4. Bb2 Nc6 5. e3 Qb6 6. Ng5 Be7 7. Bxg7 Bf6 8. Bxh8
Bxh8 9. c3 Bf6 10. Qh5 h6 11. Qxf7+ Kd8 12. Nxe6+ Bxe6 13. Qxe6 d4 14. Qxg8+
Kc7 15. Qh7+ Kb8 16. Qxh6 a5 17. Qxf6 Ra6 18. Qf8+ Nd8 19. Bxa6 bxa6 20. Na3
Qg6 21. Qxd8+ Ka7 22. Qc7+ Ka8 23. Nc4 Qxg2 24. Nb6# 1-0

[Event "Junior Online 4NCL Division 4"]
[Site "online"]
[Date "2020.09.17"]
[Round "3.172"]
[White "Patel, Kamran"]
[Black "Ethelontis, Elena"]
[Result "1-0"]
[WhiteElo "1037"]
[BlackElo "1292"]
[PlyCount "113"]
[EventDate "2020.09.17"]
[WhiteTeam "May The Fork Be With You 7"]
[BlackTeam "Barnet Knights C"]

1. d4 d5 2. Nf3 Nf6 3. Bf4 e6 4. e3 g6 5. Bd3 Bg7 6. c3 c6 7. Nbd2 b6 8. O-O
O-O 9. Qb3 Re8 10. h3 Nbd7 11. a3 c5 12. c4 dxc4 13. Bxc4 cxd4 14. Nxd4 Nc5 15.
Qb4 e5 16. Nc6 Qd7 17. Nxe5 Rxe5 18. Bxe5 Qc6 19. Bxf6 Bb7 20. f3 Bxf6 21. e4
Bd4+ 22. Kh1 Re8 23. Bd5 Qd6 24. Bxb7 Nxb7 25. Qxd6 Nxd6 26. Rab1 Be3 27. Nb3
a5 28. Rfe1 Nc4 29. Re2 Bg5 30. Rc2 Ne3 31. Rc3 a4 32. Nd4 Rd8 33. Nb5 Nd1 34.
Rc6 Rb8 35. Rxd1 Kg7 36. Rd4 Bf6 37. Rxa4 Bxb2 38. Rb4 Bf6 39. a4 Rd8 40. Rxb6
Be5 41. Rb1 Bf4 42. a5 Rc8 43. a6 Ra8 44. a7 Be3 45. Ra6 Bxa7 46. Nxa7 Rd8 47.
Nc6 Rd6 48. e5 Rd2 49. Na5 Rd5 50. Re1 Rd3 51. Rd6 Ra3 52. Nc4 Rc3 53. Re4 Rc1+
54. Kh2 f5 55. exf6+ Kf7 56. Re7+ Kf8 57. Rd8# 1-0

[Event "Junior Online 4NCL Division 4"]
[Site "online"]
[Date "2020.09.17"]
[Round "3.173"]
[White "Vyas, Rayaan"]
[Black "Dalah, Jacob"]
[Result "1-0"]
[WhiteElo "1255"]
[BlackElo "1037"]
[PlyCount "69"]
[EventDate "2020.09.17"]
[WhiteTeam "Barnet Knights C"]
[BlackTeam "May The Fork Be With You 7"]

1. e4 e5 2. Nf3 Nc6 3. Bc4 Bc5 4. O-O Nf6 5. d3 d6 6. h3 h6 7. Nc3 O-O 8. a3 a6
9. b4 Bd4 10. Nxd4 exd4 11. Nd5 Nxd5 12. Bxd5 a5 13. bxa5 Nxa5 14. Qf3 c6 15.
Ba2 Re8 16. Qg3 Rf8 17. Bxh6 Qf6 18. Bg5 Qg6 19. Be7 Qxg3 20. fxg3 Re8 21.
Bxf7+ Kh8 22. Bxe8 Bxh3 23. Rf8+ Kh7 24. gxh3 d5 25. Bg5 dxe4 26. dxe4 Nc4 27.
h4 Nd6 28. Raf1 Rxe8 29. Rxe8 Nxe8 30. Rf8 Nd6 31. e5 Nc4 32. e6 Nxa3 33. e7
Nxc2 34. e8=Q d3 35. Qh5# 1-0

[Event "Junior Online 4NCL Division 4"]
[Site "online"]
[Date "2020.09.17"]
[Round "3.174"]
[White "Patel, Rohan"]
[Black "Malus, Sean"]
[Result "1-0"]
[WhiteElo "1037"]
[BlackElo "1330"]
[PlyCount "51"]
[EventDate "2020.09.17"]
[WhiteTeam "May The Fork Be With You 7"]
[BlackTeam "Barnet Knights C"]

1. e4 e5 2. Nf3 Nc6 3. Nc3 Bc5 4. Bc4 Nf6 5. O-O d6 6. h3 Bd7 7. d3 Qc8 8. Ng5
O-O 9. Qf3 Qd8 10. Be3 Bxe3 11. Qxe3 Nb4 12. Bb3 h6 13. Nf3 Qc8 14. Nd2 Nh5 15.
a3 Nf4 16. Kh2 Nc6 17. Nd5 Ne7 18. Nxe7+ Kh8 19. Nxc8 Raxc8 20. d4 Rce8 21. d5
c6 22. dxc6 bxc6 23. Qxa7 Rd8 24. Qc7 Rfe8 25. Bxf7 Rf8 26. c3 1-0

[Event "Junior Online 4NCL Division 4"]
[Site "online"]
[Date "2020.09.17"]
[Round "3.175"]
[White "Valanju, Saish"]
[Black "Teitelbaum, Teddy"]
[Result "1-0"]
[WhiteElo "1060"]
[BlackElo "1330"]
[PlyCount "29"]
[EventDate "2020.09.17"]
[WhiteTeam "May The Fork Be With You 7"]
[BlackTeam "Barnet Knights C"]

1. e4 e5 2. Nf3 Nf6 3. Nxe5 d6 4. Nf3 Nxe4 5. d3 Nc5 6. Nc3 Qe7+ 7. Be2 g6 8.
Nd5 Qd8 9. Bg5 f6 10. Bxf6 Qd7 11. Bxh8 Qd8 12. Bf6 Qd7 13. d4 Ne4 14. Bd3 Nxf2
15. Kxf2 1-0

[Event "Junior Online 4NCL Division 4"]
[Site "online"]
[Date "2020.09.17"]
[Round "3.176"]
[White "Ethelontis, Elena"]
[Black "Patel, Kamran"]
[Result "1-0"]
[WhiteElo "1292"]
[BlackElo "1037"]
[PlyCount "65"]
[EventDate "2020.09.17"]
[WhiteTeam "Barnet Knights C"]
[BlackTeam "May The Fork Be With You 7"]

1. d4 d5 2. Nf3 Nc6 3. c4 e6 4. Nc3 Bb4 5. e3 Nf6 6. a3 Ba5 7. b4 Bb6 8. c5 O-O
9. cxb6 axb6 10. Be2 h6 11. O-O Nh7 12. Qd3 f5 13. Nd2 Qg5 14. Nf3 Qg6 15. Nd2
Ng5 16. f4 Nh3+ 17. Kh1 h5 18. gxh3 h4 19. Rg1 Qh6 20. Nf3 Rf6 21. Ng5 Rg6 22.
b5 Ne7 23. Na2 c6 24. bxc6 bxc6 25. Qb3 b5 26. Qb4 Ra7 27. Qc5 Rc7 28. Bxb5 Bb7
29. Bd2 Qh5 30. Raf1 Nc8 31. Ba5 cxb5 32. Bxc7 Ba6 33. Qc6 1-0

[Event "Junior Online 4NCL Division 4"]
[Site "online"]
[Date "2020.09.17"]
[Round "3.177"]
[White "Dalah, Jacob"]
[Black "Vyas, Rayaan"]
[Result "0-1"]
[WhiteElo "1037"]
[BlackElo "1255"]
[PlyCount "56"]
[EventDate "2020.09.17"]
[WhiteTeam "May The Fork Be With You 7"]
[BlackTeam "Barnet Knights C"]

1. e4 c5 2. b3 d6 3. Ba3 Nf6 4. Nc3 g6 5. Bb5+ Bd7 6. Nf3 Bxb5 7. Nxb5 a6 8.
Nc3 Qa5 9. Bb2 Bg7 10. O-O O-O 11. Qe2 Nc6 12. d3 Nxe4 13. Qxe4 Bxc3 14. Bxc3
Qxc3 15. Qe1 Qxc2 16. Qd2 Qxd2 17. Nxd2 Nb4 18. Rfd1 Nxd3 19. Nc4 Nb4 20. Nb6
Ra7 21. a3 Nc2 22. Ra2 Nd4 23. b4 Nb5 24. bxc5 dxc5 25. a4 Nc3 26. Rda1 Nxa2
27. Rxa2 Rd8 28. a5 Rd1# 0-1

[Event "Junior Online 4NCL Division 4"]
[Site "online"]
[Date "2020.09.17"]
[Round "3.178"]
[White "Malus, Sean"]
[Black "Patel, Rohan"]
[Result "0-1"]
[WhiteElo "1330"]
[BlackElo "1037"]
[PlyCount "43"]
[EventDate "2020.09.17"]
[WhiteTeam "Barnet Knights C"]
[BlackTeam "May The Fork Be With You 7"]

1. e4 e5 2. Nf3 Nc6 3. Bc4 Be7 4. Nc3 d6 5. d3 Bg4 6. Be3 Nf6 7. Qd2 O-O 8. h3
Bh5 9. g4 Bg6 10. Bh6 gxh6 11. Qxh6 Ne8 12. h4 Nb4 13. h5 Nxc2+ 14. Kd2 Nxa1
15. Rxa1 d5 16. exd5 Nd6 17. Nxe5 Bg5+ 18. Qxg5 Qxg5+ 19. Kc2 Qxe5 20. hxg6
fxg6 21. Kd2 Rxf2+ 22. Kc1 0-1

[Event "Junior Online 4NCL Division 4"]
[Site "online"]
[Date "2020.09.17"]
[Round "3.182"]
[White "Qiu, Calvin"]
[Black "Tulsiani, Aarav"]
[Result "1-0"]
[WhiteElo "932"]
[BlackElo "970"]
[PlyCount "97"]
[EventDate "2020.09.17"]
[WhiteTeam "Muswell Hill Knights"]
[BlackTeam "May The Fork Be With You 8"]

1. e4 e5 2. Nf3 Nc6 3. Nc3 Bc5 4. d3 Nf6 5. Bg5 Ne7 6. Bxf6 gxf6 7. g3 d6 8.
Bg2 Be6 9. O-O Qd7 10. Re1 O-O-O 11. b3 Bg4 12. a3 Ng6 13. b4 Bb6 14. a4 Bd4
15. h3 Bxc3 16. hxg4 Bxe1 17. Qxe1 Qxg4 18. Kh2 Qh5+ 19. Kg1 f5 20. exf5 Qxf5
21. Kh2 Qxd3 22. cxd3 Rhg8 23. Bh3+ Kb8 24. a5 Nf4 25. gxf4 h5 26. fxe5 h4 27.
exd6 Rxd6 28. Qe2 Re6 29. Bxe6 Re8 30. Nxh4 Rxe6 31. Qxe6 fxe6 32. Rg1 a6 33.
Rg8+ Ka7 34. Re8 b6 35. Rxe6 bxa5 36. bxa5 Kb7 37. Re7 Kc6 38. f3 Kb5 39. f4
Kxa5 40. f5 Kb6 41. f6 Kc6 42. f7 Kd6 43. f8=Q Kc5 44. Rxc7+ Kd5 45. Rd7+ Ke5
46. Qe8+ Kf6 47. Rf7+ Kg5 48. Qg8+ Kxh4 49. Rh7# 1-0

[Event "Junior Online 4NCL Division 4"]
[Site "online"]
[Date "2020.09.17"]
[Round "3.183"]
[White "Dhaliwal, Simrun Kaur"]
[Black "Sawyer, Charlie"]
[Result "0-1"]
[WhiteElo "940"]
[BlackElo "925"]
[PlyCount "66"]
[EventDate "2020.09.17"]
[WhiteTeam "May The Fork Be With You 8"]
[BlackTeam "Muswell Hill Knights"]

1. e4 e5 2. Nf3 Nc6 3. Nc3 Nf6 4. Bc4 h6 5. d3 Bc5 6. h3 b6 7. O-O Bb7 8. Bb5
Qe7 9. Bd2 a6 10. Bxc6 Bxc6 11. Qe2 O-O-O 12. d4 exd4 13. Qxa6+ Kb8 14. Nb5
Bxb5 15. Qxb5 Kb7 16. Qc4 g5 17. Nxd4 Qxe4 18. c3 h5 19. f3 Qe5 20. b4 Bd6 21.
f4 gxf4 22. Nf3 Qf5 23. Nh4 Qg5 24. Nf3 Qg7 25. h4 Rdg8 26. Ng5 Nh7 27. Qe4+ c6
28. Bxf4 Bxf4 29. Rxf4 Nxg5 30. hxg5 Qxg5 31. Raf1 h4 32. Rxf7 Kc8 33. R1f3
Qxg2# 0-1

[Event "Junior Online 4NCL Division 4"]
[Site "online"]
[Date "2020.09.17"]
[Round "3.184"]
[White "Gold, Jonah"]
[Black "Subramonian, Ananya"]
[Result "1-0"]
[WhiteElo "900"]
[BlackElo "887"]
[PlyCount "97"]
[EventDate "2020.09.17"]
[WhiteTeam "Muswell Hill Knights"]
[BlackTeam "May The Fork Be With You 8"]

1. e4 e5 2. Nf3 Nc6 3. Bc4 Nf6 4. Ng5 Nxe4 5. Nxf7 Qh4 6. g3 Qf6 7. f3 Nd4 8.
Na3 Bc5 9. Nxh8 d6 10. d3 Bh3 11. dxe4 O-O-O 12. Nf7 Rf8 13. Ng5 h6 14. Nh7
Nxf3+ 15. Ke2 Qg6 16. Nxf8 Qg4 17. Ne6 Bb6 18. Qd3 Ng1+ 19. Ke1 Ba5+ 20. c3 c5
21. Kf2 Nf3 22. Qxf3 Qxf3+ 23. Kxf3 g5 24. Nb5 g4+ 25. Kf2 Kd7 26. Nf8+ Kc6 27.
Nxa7+ Kb6 28. Nc8+ Kc7 29. Ne7 h5 30. Bf1 Bxf1 31. Rxf1 Kd8 32. Nd5 Ke8 33. Ne6
Kf7 34. Nec7 Kg6 35. b4 cxb4 36. cxb4 Bxc7 37. Nxc7 Kf6 38. h3 gxh3 39. b5 Kg6
40. b6 d5 41. exd5 Kf5 42. d6 e4 43. d7 Kg4 44. d8=Q Kf5 45. Qh8 Kg4 46. Qh7
e3+ 47. Kxe3 Kxg3 48. Qg7+ Kh4 49. Rf4# 1-0

[Event "Junior Online 4NCL Division 4"]
[Site "online"]
[Date "2020.09.17"]
[Round "3.185"]
[White "Dayle, Cosmo"]
[Black "Paz, Omri"]
[Result "1-0"]
[WhiteElo "1000"]
[BlackElo "1037"]
[PlyCount "75"]
[EventDate "2020.09.17"]
[WhiteTeam "Muswell Hill Knights"]
[BlackTeam "May The Fork Be With You 8"]

1. e4 e5 2. Nf3 Nc6 3. d4 exd4 4. Nxd4 Nxd4 5. Qxd4 Be7 6. Qxg7 Bf6 7. Qg3 Nh6
8. Bxh6 Rg8 9. Qxg8+ Ke7 10. Qxd8+ Kxd8 11. Nc3 Rb8 12. O-O-O d6 13. Bc4 a6 14.
Bxf7 b5 15. e5 Bxe5 16. Bg5+ Kd7 17. Rhe1 Bxh2 18. Re7+ Kc6 19. Bd5+ Kb6 20.
Be3+ Ka5 21. Rxc7 Bg4 22. a3 b4 23. axb4+ Rxb4 24. Rb7 Rxb7 25. Bxb7 Bxd1 26.
Kxd1 Kb4 27. Bxa6 Ka5 28. Bd3 Kb4 29. Bxh7 Be5 30. g4 Bxc3 31. bxc3+ Kxc3 32.
g5 Kc4 33. g6 Kc3 34. g7 Kc4 35. g8=Q+ Kc3 36. Qe6 Kb4 37. Qxd6+ Kc3 38. Qd4#
1-0

[Event "Junior Online 4NCL Division 4"]
[Site "online"]
[Date "2020.09.17"]
[Round "3.186"]
[White "Tulsiani, Aarav"]
[Black "Qiu, Calvin"]
[Result "0-1"]
[WhiteElo "970"]
[BlackElo "932"]
[PlyCount "60"]
[EventDate "2020.09.17"]
[WhiteTeam "May The Fork Be With You 8"]
[BlackTeam "Muswell Hill Knights"]

1. e4 e5 2. Nf3 d6 3. Bc4 Nc6 4. Ng5 Qxg5 5. h4 Qxg2 6. Bf1 Qxh1 7. d3 Nd4 8.
Be3 Nf3+ 9. Ke2 Bg4 10. Nc3 Nd4+ 11. Ke1 Bxd1 12. Kxd1 Qxf1+ 13. Kd2 Qxa1 14.
Bxd4 exd4 15. f3 Qxb2 16. Ne2 Nf6 17. Nxd4 Qxd4 18. Ke2 b5 19. Kd2 b4 20. Kd1
Qa1+ 21. Kd2 Nxe4+ 22. Ke2 Ng3+ 23. Kd2 Nf1+ 24. Ke2 O-O-O 25. Kf2 Re8 26. Kg2
Re2+ 27. Kg1 Qf6 28. Kxf1 Qxf3+ 29. Kg1 Rg2+ 30. Kh1 Qh3# 0-1